000 00448cam a2200181ua 4500
020 _c250.00
041 _aeng
_h
082 _a025.32
_bGOR/CO
100 _aGorman, Michael .
245 _aConcise AACR-2 /
_cMichael Gorman.
_hTextual Documents
250 _a2 /
_b.
260 _aNew Delhi :
_bOxford & IBH Publishing company ,
_c1981.
300 _a164 ; .
365 _a250.00
504 _a
942 _cBK
999 _c5734
_d5734